000 00795nam a22002057a 4500
005 20240530110600.0
008 160904s2011 ua o g 000 0 ara d
017 _a2011/11943
_bمصر . دار الكتب المصرية
020 _a9789773201770
040 _aEG-CaGPL
082 0 4 _221
_a962.46\
_bح س
100 0 _aحمدى الحسينى .
245 1 2 _aالسودان القبعه والعمامه :
_bزلزال انفصال الجنوب : و توابعه /
_cحمدى الحسينى .
250 _aط1 .
260 _aالقاهره :
_bالاهرام للنشر والترجمه ،
_c2011 .
300 _a212 ص :
_bايض ؛
_c24 سم .
651 0 4 _aالسودان
_xتاريخ
_yعمر البشير .
942 _2ddc
_cBK
999 _c62639
_d62639